| 000 | 00391nam a2200145Ia 4500 | ||
|---|---|---|---|
| 008 | 100415s9999 xx 000 0 und d | ||
| 082 |
_b1140 _a574 |
||
| 100 | _aPycraft, W. P(ed) | ||
| 245 | _aThe Standard Natural History | ||
| 260 |
_aLONDON _c1931 _bFREDERICK WARNE |
||
| 365 | _b0 | ||
| 630 | _aThe Standard Natural History | ||
| 730 | _aThe Standard Natural History | ||
| 942 | _cBOOK | ||
| 999 |
_c584199 _d584196 |
||